Una perspectiva cristiana en un mundo secularizado

Guardado en:
Bibliografiske detaljer
Hovedforfatter: Burggraf, Jutta
Format: Bog
Sprog:Undetermined
Udgivet: San José, Costa Rica Ediciones Promesa 2001
Fag:
Tags: Tilføj Tag
Ingen Tags, Vær først til at tagge denne postø!

MARC

LEADER 00000nam a2200000Ia 4500
008 170316s9999 xx 000 0 und d
090 |a 230 B-7u 
100 |a Burggraf, Jutta 
245 |a Una perspectiva cristiana en un mundo secularizado 
260 |a San José, Costa Rica 
260 |b Ediciones Promesa 
260 |c 2001 
300 |a 152 páginas 
650 |a TEOLOGÍA 
650 |a FAMILIA 
650 |a MATRIMONIO 
650 |a CELIBATO 
999 |c 17989  |d 17989 
040 |a cru BVZT 
942 |c 15 D  |h 230 B-7u  |2 z